<?xml version="1.0" encoding="UTF-8"?>
<record
    xmlns:xsi="http://www.w3.org/2001/XMLSchema-instance"
    xsi:schemaLocation="http://www.loc.gov/MARC21/slim http://www.loc.gov/standards/marcxml/schema/MARC21slim.xsd"
    xmlns="http://www.loc.gov/MARC21/slim">

  <leader>00555nam a2200157Ia 4500</leader>
  <controlfield tag="008">220531s9999    xx            000 0 und d</controlfield>
  <datafield tag="041" ind1=" " ind2=" ">
    <subfield code="a">mar</subfield>
  </datafield>
  <datafield tag="100" ind1=" " ind2=" ">
    <subfield code="a">&#x926;&#x947;&#x939;&#x926;&#x930;&#x93E;&#x92F;  &#x938;&#x94D;&#x200D;&#x935;&#x93E;&#x924;&#x940;</subfield>
    <subfield code="9">55497</subfield>
  </datafield>
  <datafield tag="245" ind1=" " ind2=" ">
    <subfield code="a">&#x92D;&#x93E;&#x930;&#x924;&#x93E;&#x924;&#x940;&#x932; &#x938;&#x94D;&#x200D;&#x924;&#x94D;&#x930;&#x940; &#x905;&#x92D;&#x94D;&#x200D;&#x92F;&#x93E;&#x938; : &#x938;&#x902;&#x938;&#x94D;&#x200D;&#x925;&#x93E; &#x906;&#x923;&#x93F; &#x935;&#x94D;&#x200D;&#x92F;&#x935;&#x939;&#x93E;&#x930;&#x93E;&#x902;&#x91A;&#x93E; &#x935;&#x947;&#x927;</subfield>
  </datafield>
  <datafield tag="260" ind1=" " ind2=" ">
    <subfield code="b">Savitribai Phule Aabhyas Kendra</subfield>
    <subfield code="c">2009</subfield>
  </datafield>
  <datafield tag="300" ind1=" " ind2=" ">
    <subfield code="a">90</subfield>
  </datafield>
  <datafield tag="542" ind1=" " ind2=" ">
    <subfield code="d">04-03-2010</subfield>
  </datafield>
  <datafield tag="650" ind1=" " ind2=" ">
    <subfield code="a">Sociology</subfield>
    <subfield code="9">55498</subfield>
  </datafield>
  <datafield tag="906" ind1=" " ind2=" ">
    <subfield code="d">2009-2010</subfield>
  </datafield>
  <datafield tag="999" ind1=" " ind2=" ">
    <subfield code="c">32051</subfield>
    <subfield code="d">32051</subfield>
  </datafield>
  <datafield tag="952" ind1=" " ind2=" ">
    <subfield code="0">0</subfield>
    <subfield code="1">0</subfield>
    <subfield code="2">ddc</subfield>
    <subfield code="4">0</subfield>
    <subfield code="7">0</subfield>
    <subfield code="a">SSMM</subfield>
    <subfield code="b">SSMM</subfield>
    <subfield code="d">2010-03-04</subfield>
    <subfield code="e">Stree abhyas kendra</subfield>
    <subfield code="g">40.00</subfield>
    <subfield code="l">0</subfield>
    <subfield code="n">1</subfield>
    <subfield code="o">/-/B/13050</subfield>
    <subfield code="p">SSMM-BK-13050</subfield>
    <subfield code="r">2022-08-06 00:00:00</subfield>
    <subfield code="w">2022-08-06</subfield>
    <subfield code="y">BK</subfield>
    <subfield code="z">010013050</subfield>
  </datafield>
</record>
